000
00241nam a22000857a 4500
008
160823b xxu||||| |||| 00| 0 eng d
100
_9
220
_a
Wilco publishing
245
_a
Illustrated book of Amazing Facts
260
_a
Mumbai
_b
Wilco publishing
_c
2011
999
_c
2877
_d
2877